000 01301nam0a22003011 4500
001 rc\3541428
005 20260407150847.0
021 _aRU
_b74-23439
021 _aRU
_bРг4471-74
035 _a(NLR Aleph) 007634155
090 _a6055284
_c6055284
100 _a20130115d1974 |||y0rusy50 ca
101 0 _arus
102 _aRU
105 _aa z |||||
200 1 _aМода в трикотаже на 1974 год
_fМ-во лег. пром-сти СССР. Центр. науч.-исслед. ин-т информации и техн.-экон. исследований легкой пром-сти
210 _aМосква
_cБ. и.
_d1974
215 _a76 с.
_cил.
_d21
225 1 _aОбзор
300 _aСост. указан на обороте тит. л.
532 1 1 _aМода в трикотаже на тысяча девятьсот семьдесят четвертый год
700 1 _aВольман
_bИ.И.
_gИрина Ильинична
_4220
712 0 2 _aЦентральный институт научно-технической информации легкой промышленности
_cМосква
_3RU\NLR\AUTH\8810025847
_9549925
801 0 _aRU
_bNLR
_gpsbo
801 1 _aRU
_bELAR
_2rusmarc
852 _aNLR
_j73-6/13476
942 _cBOOK
980 _aNB